Toutes les techniques de Mark Evans (Endou Mamoru) D'Inazuma Eleven - Statistiques

Statistiques générales
  • Ce quiz a été pris 148 fois
    138 depuis la dernière actualisation
  • Le résultat moyen est 19 sur 37
Statistiques - réponses
Réponse Type de quiz Première Utilisation % Correct
Main Céleste GK S1
100%
Main Magique GK S1
98%
Poing de la Justice GK S2
90%
La Terre TIR S2
89%
Poing Ardent GK S1
89%
Poing de la Colère GK S3
89%
Tête Explosive TIR S2
87%
Foudre TIR S1
86%
Poing Explosif GK S1
86%
Main Dimensionnelle GK S3
84%
Arrêt Céleste GK S3
82%
Éclair Pulvérisant TIR S1
76%
Ouragan Inazuma TIR S3
75%
Phénix TIR S1
74%
Super Trampoline du Tonnerre TIR S1
74%
Tri-Pégase TIR S1
71%
Main Céleste V GK FILM/ GO CS
64%
Triangle de la Mort TIR S2
64%
Main Omega GK FILM
59%
Triangle de la Mort 2 TIR S2
46%
Double Main Céleste GK S1
44%
Triple Défense GK S1
41%
Majin, Le Grand Génie Esprit Guerrier GO CS
40%
Main du Grand Génie GK EG GO CS
39%
Diamond Hand GK ORION
27%
Fūjin Raijin GK ARES
24%
The Ashura GK ORION
20%
Tir Grenade TIR MANGA
19%
Diamond Punch GK ORION
18%
Fūjin Raijin Gōsuto GK ORION
15%
Diamond Arm GK ORION
14%
Super Main Céleste GK ORION
12%
Éclair Pulvérisant CG TIR ORION
8%
Impact Explosif TIR FILM
7%
Super Tête Mégatonne GK ORION
6%
Main Céleste de l'Amitié GK ORION
5%
Main Céleste Double GK S3
5%
Aucun quiz correspondant
Distribution des résultats
% des personnes avec chaque résultat
Percentile par nombre de réponses
Votre historique - résultats
Vous n’avez pas pris ce quiz depuis la dernière actualisation